|
|
|
|
| LEADER |
00000nam0a2200000 4500 |
| 001 |
109795 |
| 005 |
20231031120149.0 |
| 010 |
|
|
|a 5256000659
|
| 020 |
|
|
|a RU
|b 88-32025
|
| 035 |
|
|
|a (RuTPU)RU\TPU\book\118563
|
| 090 |
|
|
|a 109795
|
| 100 |
|
|
|a 20070213d1988 km y0rusy5003 ca
|
| 101 |
0 |
|
|a rus
|
| 102 |
|
|
|a RU
|
| 105 |
|
|
|a a z 001zy
|
| 200 |
1 |
|
|a Спутниковая связь и проблема геостационарной орбиты
|f Л. Я. Кантор, В. В. Тимофеев
|
| 210 |
|
|
|a Москва
|c Радио и связь
|d 1988
|
| 215 |
|
|
|a 167,[1] с.
|c ил.
|
| 320 |
|
|
|a Библиогр.: с. 163-165 (73 назв.).
|
| 320 |
|
|
|a Предм. указ.: с. 165-166.
|
| 610 |
1 |
|
|a искусственные спутники Земли
|
| 610 |
1 |
|
|a связь
|
| 610 |
1 |
|
|a спутниковая связь
|
| 610 |
1 |
|
|a радиотехника
|
| 610 |
1 |
|
|a геостационарные орбиты
|
| 610 |
1 |
|
|a использование
|
| 610 |
1 |
|
|a международное регулирование
|
| 675 |
|
|
|a 621.396.94
|z rus
|
| 700 |
|
1 |
|a Кантор
|b Л. Я.
|g Лев Яковлевич
|4 070
|
| 701 |
|
1 |
|a Тимофеев
|b В. В.
|g Валерий Викторович
|4 070
|
| 801 |
|
0 |
|a RU
|b RuMRKP
|c 19950417
|g psbo
|
| 801 |
|
1 |
|a RU
|b 63413507
|c 20070213
|g PSBO
|
| 801 |
|
2 |
|a RU
|b 63413507
|c 20161201
|g PSBO
|
| 942 |
|
|
|c BK
|